Statistics for Countries that Use the Pound

Click here to take the quiz!

General Stats

  • This quiz has been taken 23 times
  • The average score is 3 of 6

Answer Stats

Answer% Correct
United Kingdom
95%
Egypt
53%
Lebanon
37%
South Sudan
37%
Sudan
37%
Syria
32%

Score Distribution

Percentile by Number Answered

Percent of People with Each Score

Your Score History

You have not taken this quiz